01915cam a22003255a 4500001001200000003000400012005001700016008004100033020001500074020001800089040005000107082001900157100002100176245005200197250003100249260004200280300003500322504005100357505077500408650003301183650003101216650002601247650003701273650006301310650006101373653003101434942000801465999001701473952009901490ocm49907088OSt20180207133437.0020409t2003 maua frb 001 0 eng d a0071232044 a9780071232043 aDLCcDLCdUKMdNORdOCLCQdIULdEG-ScBUEbeng04222a338.5bFRA1 aFrank, Robert H.10aMicroeconomics and behavior /cRobert H. Frank. a5th ed., International ed. aBoston :bMcGraw-Hill/Irwin,cc.2003. axxiv, 696 p. :bill. ;c26 cm. aIncludes bibliographical references and index.00gch. 1.tThinking like an economist --gch. 2.tSupply and demand --gch. 3.tRational consumer choice --gch. 4.tIndividual and market demand --gch. 5.tApplications of rational choice and demand theories --gch. 6. Theteconomics of information and choice under uncertainty --gch. 7.tExplaining tastes : the importance of altruism and other nonegoistic behavior --gch. 8.tCognitive limitations and consumer behavior --gch. 9.tProduction --gch. 10.tCosts --gch. 11.tPerfect competition --gch. 12.tMonopoly --gch. 13.t Imperfect competition : a game-theoretic approach --gch. 14.tLabor --gch. 15.tCapital --gch. 16.tGeneral equilibrium and market efficiency --gch. 17.tExternalities, property rights, and the Coase theorem --gch. 18.tGovernment. 7aMicroeconomics.2BUEsh95599 7aEconomic man.2BUEsh93239 7aSelf-interest.2BUEsh 7aConsumer behavior.2BUEsh912283 7aMicroeconomicsvExaminations, questions, etc.2BUEsh93242 7aEconomic manvExaminations, questions, etc.2BUEsh93243 bBUSADMbGGENcFebruary2018 2ddc c26126d26098 00102ddc4070aMAINbMAINc1STd2018-02-07l0o338.5 FRAp000047265r2025-07-15 00:00:00yBB